000
00306nam a22001457a 4500
008
221010b ||||| |||| 00| 0 eng d
020
_a
9780078252013
041
_a
eng
080
_a
51
082
_a
51 WILL
100
_a
22.2
101
_a
MATE
245
_a
PRE-ALGEBRA
_c
WILLARD M
942
_2
udc
_c
BK
999
_c
58459
_d
58459